000 00402nam a2200181Ia 4500
005 20250603145132.0
008 250603s9999 xx 000 0 und d
020 _a9785579662
050 _aKP 109 .U5/
100 _aUmaru, m.j
245 0 _aIntellectual Property Law .
260 _asokoto
260 _bdanfodio press
260 _c2018
300 _a277 p
650 _asokoto
942 _cBK
999 _c40979
_d40979